Anar al contingut

Современные проблемы науки в области лесного дела: методические указания по самостоятельной работе для подготовки магистров по направлению 250100 «Лесное дело»

Методические указания содержат перечень основных вопросов по современным проблемам науки. Предназначены для подготовки магистров по направлению 250100 «Лесное дело»....

Descripció completa

Guardat en:
Dades bibliogràfiques
Autor principal: Мельников Е. С.
Altres autors: Смирнов А. П., Грязькин А. В., Беляева Н. В.
Format: Книга
Idioma:Russian
Publicat: Санкт-Петербург СПбГЛТУ 2008
Accés en línia:http://e.lanbook.com/books/element.php?pl1_id=45366
https://e.lanbook.com/img/cover/book/45366.jpg
Etiquetes: Afegir etiqueta
Sense etiquetes, Sigues el primer a etiquetar aquest registre!
LEADER 01639nam0a2200265 i 4500
001 45366
003 RuSpLAN
005 20221220173923.0
008 221220s2008 ru gs 000 0 rus
040 |a RuSpLAN 
041 0 |a rus 
044 |a ru 
245 0 0 |a Современные проблемы науки в области лесного дела: методические указания по самостоятельной работе для подготовки магистров по направлению 250100 «Лесное дело»  |c Мельников Е. С.,Смирнов А. П.,Грязькин А. В.,Беляева Н. В. 
260 |a Санкт-Петербург  |b СПбГЛТУ  |c 2008 
300 |a 36 с. 
504 |a Библиогр.: доступна в карточке книги, на сайте ЭБС Лань 
520 8 |a Методические указания содержат перечень основных вопросов по современным проблемам науки. Предназначены для подготовки магистров по направлению 250100 «Лесное дело». 
521 8 |a Книга из коллекции СПбГЛТУ - Лесное хозяйство и лесоинженерное дело 
100 1 |a Мельников Е. С. 
700 1 |a Смирнов А. П. 
700 1 |a Грязькин А. В. 
700 1 |a Беляева Н. В. 
856 4 |u http://e.lanbook.com/books/element.php?pl1_id=45366 
856 4 8 |u https://e.lanbook.com/img/cover/book/45366.jpg 
953 |a https://e.lanbook.com/img/cover/book/45366.jpg